Statistiche per Parti del Corpo e Scheletro (Seconda)

Clicka qui per fare il quiz!

Statistiche generali

  • Questo quiz è stato fatto 365 volte
    (231 dall'ultimo reset)
  • Il punteggio medio è 11 su 21

Statistiche sulle risposte

IngleseItaliano (tradotto)% Corretto
neckcollo
97%
pupilpupilla
91%
rectumretto
88%
nipplecapezzolo
83%
tonsiltonsille
76%
ovaryovaia
70%
skullcranio
65%
spinespina dorsale
65%
red blood cellglobulo rosso
64%
tissuetessuto
55%
wristpolso
53%
ribscostola
48%
nostrilnarice
47%
thighcoscia
44%
pelvisbacino
30%
scalpcuoio capelluto
27%
torsobusto
25%
shinstinco
16%
waistgirovita
14%
shoulder & shoulder bladespalla / scapola
13%
toe + toenaildito / unghia del piede
6%

Distribuzione punteggi

Percentile per numero di risposta

Percentuale di utenti per punteggio

I tuoi punteggi nel tempo

Non hai fatto questo quiz dall'ultimo reset